Catalogue de la Bibliothèque de l'ENSA

L'eau et le sol (notice nᵒ 11173)

détails MARC
000 -LEADER
fixed length control field 00489nam a2200157Ia 4500
008 - FIXED-LENGTH DATA ELEMENTS--GENERAL INFORMATION
fixed length control field 160105s9999 xx 000 0 und d
020 ## - INTERNATIONAL STANDARD BOOK NUMBER
International Standard Book Number 978-2-95375-208-3
041 ## - LANGUAGE CODE
Language code of text/sound track or separate title fre
245 ## - TITLE STATEMENT
Title L'eau et le sol
260 ## - PUBLICATION, DISTRIBUTION, ETC.
Date of publication, distribution, etc 1960
300 ## - PHYSICAL DESCRIPTION
Other physical details ill. en coul., tabl., graph., réf.
654 ## - SUBJECT ADDED ENTRY--FACETED TOPICAL TERM
General subdivision SOL/EAU/EAU DU SOL/MOUVEMENT DE L'EAU DANS LE SOL/PROPRIETE PHYSICOCHIMIQUE DU SOL/CHANGEMENT STRUCTUREL/HUMIDITE/UTILISATION/PLANTE
942 ## - ADDED ENTRY ELEMENTS (KOHA)
Koha item type Ouvrage
994 ## -
-- 111316
Exemplaires
Withdrawn status Lost status Damaged status Use restrictions Not for loan Home library Current library Cost, normal purchase price Shelving control number Total Checkouts Total Renewals Total Holds Full call number Barcode Cost, replacement price Koha item type
          Bibliothèque Centrale Bibliothèque Centrale 0.00         BC_656 80 BC_656 80 0.00 Ouvrage

Adresse: Ecole Nationale Supérieure Agronomique Hassen Badi - El Harrach Alger, Algérie

Tél +213 (0) 23 82 85 07+213 (0) 23 82 85 12 Fax +213 23 82 85 03/04 Courriel: bibliotheque@edu.ensa.dz